Estructuras algebraicas I /
Guardado en:
| Autor Principal: | |
|---|---|
| Formato: | Libro |
| Idioma: | Spanish |
| Publicado: |
Washington, D.C. :
Programa Regional de Desarrollo Científico y Tecnológico, Departamento de Asuntos Científicos, Secretaría General de la Organización de los Estados Americanos,
1973, c1967.
|
| Edición: | 2a. ed., rev. y corr. |
| Series: | Colección de monografías científicas. Serie de matemática ;
monografía no. 3 |
| Etiquetas: |
Agregar Etiqueta
Sin Etiquetas, Sea el primero en etiquetar este registro!
|
| LEADER | 00972nam a2200193 a 4500 | ||
|---|---|---|---|
| 001 | MAT.inmabb006938 | ||
| 008 | 161109t19731967dcu######b###i000#0#spa## | ||
| 005 | 20180615190055.0 | ||
| 245 | 1 | 0 | |a Estructuras algebraicas I / |c por Enzo R. Gentile. |
| 250 | |a 2a. ed., rev. y corr. | ||
| 260 | |a Washington, D.C. : |b Programa Regional de Desarrollo Científico y Tecnológico, Departamento de Asuntos Científicos, Secretaría General de la Organización de los Estados Americanos, |c 1973, c1967. | ||
| 300 | |a viii, 128 p. ; |c 23 cm. | ||
| 440 | 0 | |a Colección de monografías científicas. |p Serie de matemática ; |v monografía no. 3 | |
| 504 | |a Incluye referencias bibliográficas (p. 123). | ||
| 505 | 0 | |a Introducción -- 1. Estructuras de monoide y semigrupo -- 2. Estructura de grupo -- 3. Estructura de anillo -- Ejercicios. | |
| 100 | 1 | |a Gentile, Enzo R. | |
| 246 | 3 | |a Estructuras algebraicas 1 | |
| 084 | |a 00A05 (16-01 20-01) |2 msc2000 | ||
| 859 | |h 00A05A |i G338-2 |p A-9032 |b BIB. MATEMATICA | ||
